[Event "GER-chT WK U18 4th"]
[Site "Kiel"]
[Date "2008.05.31"]
[Round "3.3"]
[White "Schreiber, Justina"]
[Black "Ginsburg, Leo"]
[Result "1/2-1/2"]
[WhiteElo "1244"]
[BlackElo "1125"]
[PlyCount "130"]
[EventDate "2008.05.31"]
[EventType "team-swiss"]
[EventRounds "7"]
[EventCountry "GER"]
[SourceTitle "EXT 2010"]
[Source "ChessBase"]
[SourceDate "2010.11.25"]
[SourceVersion "1"]
[SourceVersionDate "2010.11.25"]
[SourceQuality "1"]

1. e4 c6 2. d4 d5 3. exd5 cxd5 4. Nc3 Nf6 5. Bd3 Nc6 6. Nf3 Bg4 7. Be3 e5 8. Be2 Bxf3 9. Bxf3 e4 10. Be2 Bb4 11. Qd2 Qa5 12. 0-0 Bxc3 13. Qxc3 Qxc3 14. bxc3 0-0 15. Bg5 Nd7 16. Rab1 Nb6 17. Bb5 f6 18. Be3 f5 19. f4 Rac8 20. Bd2 Rf7 21. Rf2 Re7 22. Re2 a6 23. Bxa6 bxa6 24. Rxb6 a5 25. a4 h6 26. Rb3 Rce8 27. Kf2 Kf7 28. g3 Kf6 29. h4 h5 30. Rb5 Rd8 31. Be3 Rc7 32. Re1 Rb8 33. Rxb8 Nxb8 34. Rb1 Nd7 35. Rb5 Rxc3 36. Rxd5 Rxc2+ 37. Kf1 Nb6 38. Rd6+ Ke7 39. Rxb6 Rc3 40. Ke2 Rc2+ 41. Ke1 Rc4 42. Ra6 Rxa4 43. Bd2 Rxd4 44. Rxa5 Rd3 45. Rxf5 Rxg3 46. Rxh5 e3 47. Re5+ Kf6 48. Rxe3 Rg4 49. Kf2 Rxh4 50. Rg3 Rh2+ 51. Ke3 Rh7 52. Bc3+ Kf7 53. Ke4 g6 54. Rg5 Rh3 55. Bd4 Rh4 56. Ke5 Rh2 57. f5 Re2+ 58. Kf4 gxf5 59. Rxf5+ Ke7 60. Ra5 Re1 61. Ra6 Rf1+ 62. Ke5 Re1+ 63. Kd5 Rd1 64. Ra7+ Ke8 65. Ke6 Rxd4 1/2-1/2

[Event "GER-ch U12"]
[Site "Willingen"]
[Date "2008.05.17"]
[Round "11"]
[White "Schreiber, Justina"]
[Black "Bajorski, Maria Sophie"]
[Result "0-1"]
[WhiteElo "1172"]
[BlackElo "1211"]
[PlyCount "52"]
[EventDate "2008.05.11"]
[EventType "swiss"]
[EventRounds "11"]
[EventCountry "GER"]
[SourceTitle "CBM 124 Extra"]
[Source "ChessBase"]
[SourceDate "2008.07.03"]
[SourceVersion "1"]
[SourceVersionDate "2008.07.03"]
[SourceQuality "1"]

1. e4 e5 2. Nc3 Nf6 3. f4 d5 4. fxe5 Nxe4 5. Nf3 Nc6 6. d4 Bg4 7. h3 Bh5 8. g4 Bg6 9. Bd3 Bb4 10. Bd2 Qd7 11. Qe2 Ng3 12. Qg2 Nxh1 13. Qxh1 Bxd3 14. cxd3 0-0-0 15. 0-0-0 h5 16. Qg2 hxg4 17. hxg4 Ne7 18. Bg5 Qc6 19. a3 Bxc3 20. Qc2 f6 21. exf6 gxf6 22. bxc3 fxg5 23. Nxg5 Qh6 24. Qd2 Rdg8 25. Nf7 Qxd2+ 26. Rxd2 Rh1+ 0-1

[Event "GER-ch U12"]
[Site "Willingen"]
[Date "2008.05.14"]
[Round "7"]
[White "Schreiber, Justina"]
[Black "Jermann, Isabel"]
[Result "1-0"]
[WhiteElo "1172"]
[BlackElo "1146"]
[PlyCount "91"]
[EventDate "2008.05.11"]
[EventType "swiss"]
[EventRounds "11"]
[EventCountry "GER"]
[SourceTitle "CBM 124 Extra"]
[Source "ChessBase"]
[SourceDate "2008.07.03"]
[SourceVersion "1"]
[SourceVersionDate "2008.07.03"]
[SourceQuality "1"]

1. e4 c6 2. d4 d5 3. exd5 cxd5 4. Bd3 Nc6 5. c3 Nf6 6. Bf4 g6 7. h3 Bg7 8. Nd2 0-0 9. Ngf3 Nh5 10. Bg5 Rb8 11. Qe2 a6 12. 0-0 b5 13. Rfe1 Re8 14. Rac1 Bb7 15. a3 Qc7 16. Bh4 e5 17. Bc2 Re6 18. Ng5 Ree8 19. Bb3 h6 20. Ngf3 Qd6 21. Qd1 exd4 22. Rxe8+ Rxe8 23. Nf1 dxc3 24. bxc3 d4 25. Ng3 Nf4 26. Rc2 d3 27. Ra2 g5 28. Nf5 Qf6 29. Nxg7 Qxg7 30. Bg3 Ne2+ 31. Kh2 Nxc3 32. Qxd3 Nxa2 33. Bxa2 Rd8 34. Qb3 Nd4 35. Nxd4 Rxd4 36. Qe3 Ra4 37. Qe8+ Kh7 38. Bb1+ Be4 39. Bxe4+ Rxe4 40. Qxe4+ Kg8 41. Qa8+ Kh7 42. Qxa6 Qb2 43. Qb7 Kg6 44. Qe4+ f5 45. Qe6+ Qf6 46. Qe8+ 1-0

[Event "GER-ch U12"]
[Site "Willingen"]
[Date "2008.05.13"]
[Round "5"]
[White "Schreiber, Justina"]
[Black "Ewert, Paul"]
[Result "1-0"]
[WhiteElo "1172"]
[BlackElo "1329"]
[PlyCount "63"]
[EventDate "2008.05.11"]
[EventType "swiss"]
[EventRounds "11"]
[EventCountry "GER"]
[SourceTitle "CBM 124 Extra"]
[Source "ChessBase"]
[SourceDate "2008.07.03"]
[SourceVersion "1"]
[SourceVersionDate "2008.07.03"]
[SourceQuality "1"]

1. e4 e5 2. Nc3 Nf6 3. f4 d5 4. fxe5 Nxe4 5. Qf3 Nxc3 6. bxc3 Be7 7. d4 0-0 8. Bd3 f6 9. Qh5 f5 10. Nf3 g6 11. Qh6 Rf7 12. 0-0 Bf8 13. Qg5 Qxg5 14. Nxg5 Re7 15. Rb1 b6 16. c4 Bb7 17. Bf4 Nd7 18. e6 Nf6 19. Be5 Ne4 20. Bxe4 dxe4 21. d5 h6 22. Nh3 c6 23. Nf4 g5 24. Ng6 Ree8 25. Nxf8 Rxf8 26. d6 c5 27. Rbd1 e3 28. Rfe1 f4 29. e7 Bxg2 30. d7 f3 31. exf8Q+ Rxf8 32. Rxe3 1-0

[Event "GER-ch U12"]
[Site "Willingen"]
[Date "2008.05.12"]
[Round "3"]
[White "Schreiber, Justina"]
[Black "Boehl, Marius"]
[Result "0-1"]
[WhiteElo "1172"]
[BlackElo "1471"]
[PlyCount "122"]
[EventDate "2008.05.11"]
[EventType "swiss"]
[EventRounds "11"]
[EventCountry "GER"]
[SourceTitle "CBM 124 Extra"]
[Source "ChessBase"]
[SourceDate "2008.07.03"]
[SourceVersion "1"]
[SourceVersionDate "2008.07.03"]
[SourceQuality "1"]

1. e4 c6 2. d4 d5 3. exd5 cxd5 4. Bd3 Nc6 5. c3 Nf6 6. Bf4 e6 7. Nd2 Bd6 8. Bxd6 Qxd6 9. Ngf3 0-0 10. Qe2 Re8 11. Ne5 Bd7 12. 0-0 Rad8 13. f4 a6 14. Rf3 Na7 15. Rh3 Bb5 16. Bxh7+ Kf8 17. Bd3 Bxd3 18. Qxd3 Qb6 19. b4 Rc8 20. Rh7 Nb5 21. Qg3 Ke7 22. Rxg7 Rxc3 23. Rxf7+ Kd8 24. Qf2 Ne4 25. Nxe4 dxe4 26. a4 Nd6 27. Rd7+ Kc8 28. a5 Qxb4 29. Qd2 Nc4 30. Nxc4 Kxd7 31. Ne3 Rec8 32. Qe2 Qxd4 33. Kf2 Rc2 34. Rd1 Rxe2+ 35. Kxe2 Qxd1+ 36. Nxd1 Rc5 37. Nf2 Rxa5 38. Nxe4 b5 39. Kd3 b4 40. Kc4 Rb5 41. Kb3 a5 42. g4 e5 43. f5 Rb8 44. h4 a4+ 45. Kxa4 b3 46. Nc5+ Ke7 47. Nxb3 e4 48. Nd4 e3 49. Ka3 Rd8 50. Nf3 e2 51. Kb4 Rd1 52. g5 Rf1 53. f6+ Kf8 54. Kc3 Rxf3+ 55. Kd2 Rh3 56. Kxe2 Rxh4 57. Kf3 Kf7 58. Kg3 Ra4 59. Kf3 Kg6 60. Kg3 Kxg5 61. f7 Ra8 0-1

[Event "Niedersachsen-ch U12"]
[Site "Rotenburg"]
[Date "2008.03.18"]
[Round "8"]
[White "Schreiber, Justina"]
[Black "Muermans, Ansgar"]
[Result "1-0"]
[WhiteElo "1055"]
[BlackElo "947"]
[PlyCount "83"]
[EventDate "2008.03.15"]
[EventType "swiss"]
[EventRounds "11"]
[EventCountry "GER"]
[SourceTitle "EXT 2009"]
[Source "ChessBase"]
[SourceDate "2008.11.26"]
[SourceVersion "1"]
[SourceVersionDate "2008.11.26"]
[SourceQuality "1"]

1. e4 e5 2. Nf3 Nc6 3. d4 exd4 4. Nxd4 Qf6 5. Be3 Nge7 6. Nc3 d6 7. Nxc6 Nxc6 8. Nd5 Qd8 9. Qh5 g6 10. Qg5 Qxg5 11. Bxg5 Kd7 12. Bf6 Rg8 13. Bg5 Bg7 14. Bf6 Nd4 15. 0-0-0 Ne6 16. Bxg7 Rxg7 17. Nf6+ Ke7 18. Nd5+ Kd7 19. Bc4 b6 20. Nc3 Bb7 21. Bd5 Nc5 22. Bxb7 Nxb7 23. Rhe1 Re8 24. f4 f6 25. b4 Rge7 26. h3 c5 27. bxc5 Nxc5 28. Nb5 a6 29. Nxd6 Kc6 30. Nxe8 Rxe8 31. f5 g5 32. Rd4 h5 33. g3 b5 34. Kb2 a5 35. a3 a4 36. c3 Re7 37. c4 bxc4 38. Rxc4 Kb5 39. Rb4+ Ka5 40. Kc3 Rc7 41. Rd4 Kb5 42. e5 1-0

[Event "Niedersachsen-ch U12"]
[Site "Rotenburg"]
[Date "2008.03.17"]
[Round "5"]
[White "Hellwig, Immo"]
[Black "Schreiber, Justina"]
[Result "0-1"]
[WhiteElo "1122"]
[BlackElo "1055"]
[PlyCount "26"]
[EventDate "2008.03.15"]
[EventType "swiss"]
[EventRounds "11"]
[EventCountry "GER"]
[SourceTitle "EXT 2009"]
[Source "ChessBase"]
[SourceDate "2008.11.26"]
[SourceVersion "1"]
[SourceVersionDate "2008.11.26"]
[SourceQuality "1"]

1. e4 e6 2. d4 d5 3. Nd2 Nf6 4. e5 Nfd7 5. Ngf3 c5 6. c3 Nc6 7. Bd3 cxd4 8. cxd4 f6 9. Nb3 fxe5 10. Nxe5 Ncxe5 11. dxe5 Nxe5 12. Qh5+ Nf7 13. Bg5 Qxg5 0-1

[Event "Niedersachsen-ch"]
[Site "Verden"]
[Date "2008.01.05"]
[Round "6"]
[White "Patzelt, Nikolaus"]
[Black "Schreiber, Justina"]
[Result "1-0"]
[WhiteElo "1446"]
[BlackElo "1008"]
[PlyCount "87"]
[EventDate "2008.01.03"]
[EventType "swiss"]
[EventRounds "7"]
[EventCountry "GER"]
[SourceTitle "EXT 2010"]
[Source "ChessBase"]
[SourceDate "2010.11.25"]
[SourceVersion "1"]
[SourceVersionDate "2010.11.25"]
[SourceQuality "1"]

1. d4 d5 2. c4 c6 3. cxd5 cxd5 4. Nc3 Nf6 5. Nf3 Bf5 6. e3 e6 7. Bd3 Bxd3 8. Qxd3 Bb4 9. Bd2 Nc6 10. 0-0 a6 11. Rac1 Rc8 12. Rfe1 0-0 13. Na4 Qa5 14. Bxb4 Qxb4 15. b3 Na7 16. Nc5 Rb8 17. Ne5 Rfd8 18. Re2 Qb5 19. Qd1 Rbc8 20. Rec2 b6 21. Na4 Rxc2 22. Rxc2 Qa5 23. Rc7 Nb5 24. Nc6 Nxc7 25. Nxa5 bxa5 26. Qd2 Rc8 27. g3 g5 28. Qxa5 Nce8 29. Nc5 h5 30. Qxa6 Rc7 31. b4 Ne4 32. Nxe4 dxe4 33. b5 h4 34. gxh4 gxh4 35. h3 Rc1+ 36. Kg2 Rb1 37. b6 Nd6 38. Qa8+ Kg7 39. Qb8 Nc4 40. b7 Na5 41. Qe5+ Kg6 42. Qxe4+ Kg7 43. Qxb1 Nxb7 44. Qxb7 1-0